Les phobies n°5 - Statistiques

Statistiques générales
  • Ce quiz a été pris 38 fois
  • Le résultat moyen est 2 sur 11
Statistiques - réponses
Définition Phobie % Correct
Peur des étoiles. Astrophobie / Sidérophobie
64%
Peur de l’obscurité, de la nuit. Nyctophobie
48%
Peur des oiseaux. Ornithophobie
45%
Peur de la peur. Phobophobie
39%
Peur de la nudité. Gymnophobie
15%
Peur des fantômes. Phantasmophobie
9%
Peur des médicaments. Pharmacophobie
9%
Peur des rêves. Onéirophobie
6%
Peur de l’odorat. Olfacophobie
3%
Peur d’entendre prononcer un nom ou un mot. Onomatophobie
3%
Peur du vol. Keptophobie
0%
Aucun quiz correspondant
Distribution des résultats
% des personnes avec chaque résultat
Percentile par nombre de réponses
Votre historique - résultats
Vous n’avez pas pris ce quiz